Modern concepts on water resources (Record no. 1335)

000 -LEADER
fixed length control field 00600nam a22002177a 4500
001 - CONTROL NUMBER
control field 1335
003 - CONTROL NUMBER IDENTIFIER
control field BD-DhUET
008 - FIXED-LENGTH DATA ELEMENTS--GENERAL INFORMATION
fixed length control field 140903b xxu||||| |||| 00| 0 eng d
020 ## - INTERNATIONAL STANDARD BOOK NUMBER
International Standard Book Number 9848090309
040 ## - CATALOGING SOURCE
Original cataloging agency 0
Transcribing agency 0
Modifying agency BD-DhUET
082 ## - DEWEY DECIMAL CLASSIFICATION NUMBER
Classification number 628.16068095492
Item number FAI/2007
100 ## - MAIN ENTRY--PERSONAL NAME
Personal name Faisal Hossain
245 ## - TITLE STATEMENT
Title Modern concepts on water resources
Statement of responsibility, etc. by Faisal Hossain,Md. Delawer Hossain
250 ## - EDITION STATEMENT
Edition statement Ist ed.
260 ## - PUBLICATION, DISTRIBUTION, ETC. (IMPRINT)
Place of publication, distribution, etc. Dhaka
Name of publisher, distributor, etc. UGC,
Date of publication, distribution, etc. 2007
300 ## - PHYSICAL DESCRIPTION
Extent xv,222p.
504 ## - BIBLIOGRAPHY, ETC. NOTE
Bibliography, etc Includes bibliographies
650 #0 - SUBJECT ADDED ENTRY--TOPICAL TERM
Topical term or geographic name as entry element Water resources management
Geographic subdivision Bangladesh
700 ## - ADDED ENTRY--PERSONAL NAME
Personal name Delawer Hossain, Md.
942 ## - ADDED ENTRY ELEMENTS (KOHA)
Koha item type General Book
Holdings
Sublocation or collection (holding branch) Location (home branch) Withdrawn status Not for loan Piece designation (barcode) Koha item type Date acquired Source of classification or shelving scheme Koha normalized classification for sorting Copy number Damaged status Koha date last seen Price effective from Lost status Koha full call number Shelving location
Central Library, BUETCentral Library, BUET  103500General Book2014-09-03 628_160680954920000_FAI_20071 2014-09-032014-09-03 628.16068095492/FAI/2007Circulation section
Central Library, BUETCentral Library, BUET  103501General Book2014-09-03 628_160680954920000_FAI_20072 2014-09-032014-09-03 628.16068095492/FAI/2007Circulation section
Central Library, BUETCentral Library, BUET  103502General Book2014-09-03 628_160680954920000_FAI_20073 2014-09-032014-09-03 628.16068095492/FAI/2007Circulation section
Central Library, BUETCentral Library, BUET  103503General Book2014-09-03 628_160680954920000_FAI_20074 2014-09-032014-09-03 628.16068095492/FAI/2007Circulation section
Central Library, BUETCentral Library, BUET  103504General Book2014-09-03 628_160680954920000_FAI_20075 2014-09-032014-09-03 628.16068095492/FAI/2007Circulation section
Central Library, BUETCentral Library, BUET  103505General Book2014-09-03 628_160680954920000_FAI_20076 2014-09-032014-09-03 628.16068095492/FAI/2007Circulation section
Central Library, BUETCentral Library, BUET  103506General Book2014-09-03 628_000000000000000_16068095497 2014-09-032014-09-03 628.16068095492/FAI/2007Circulation section
Central Library, BUETCentral Library, BUET  103507General Book2014-09-03 628_000000000000000_16068095498 2014-09-032014-09-03 628.16068095492/FAI/2007Circulation section
Central Library, BUETCentral Library, BUET  103508General Book2014-09-03 628_160680954920000_FAI_20079 2014-09-032014-09-03 628.16068095492/FAI/2007Circulation section
Central Library, BUETCentral Library, BUET  103509General Book2014-09-03 628_000000000000000_160680954910 2014-09-032014-09-03 628.16068095492/FAI/2007Circulation section
Central Library, BUETCentral Library, BUET  114242General Book2016-07-26 628_160680954920000_FAI_200711 2016-07-262016-07-26 628.16068095492/FAI/2007Circulation section
Central Library, BUETCentral Library, BUET  114243General Book2016-07-26 628_160680954920000_FAI_200712 2016-07-262016-07-26 628.16068095492/FAI/2007Circulation section